000 00393nam a2200145Ia 4500
005 20250701013540.0
008 240331s9999 xx 000 0 und d
082 _bGUN
_a891
100 _aGunawardena,W.D.K
245 0 _aSahithya vichara sangrahaya
260 _aColombo
_bM.D.Gunasena books & Co
_c1966
300 _a120 p .,
500 _aA Book on Literary criticism Collecetion
942 _cL
999 _c4841
_d4841